Arvaa maat vinkin avulla - Statistics

Yleistilastot
  • Tätä visaa on pelattu 143 kertaa
  • Keskiarvotulos 13 / 20
Vastaustilastot
Hint Vastaus % Oikein
Maa jossa Eiffel-torni sijaitsee Ranska
100%
Maa josta manga ja anime on kotoisin Japani
97%
Iran mutta eri kirjain vikana Irak
96%
Pinta-alaltaan pienin valtio Vatikaanivaltio
92%
Valtio jonka pääkaupunki on Sofia Bulgaria
82%
Ainoa valtio jonka lippu ei ole nelikulmainen Nepal
76%
Valtio jolle Grönlanti kuuluu Tanska
69%
Portugalin ainoa naapurimaa Espanja
68%
Maailman väkirikkain maa Kiina
68%
Maa jonka lippu näyttää tältä: 🇫🇮 Suomi
68%
Pinta-alaltaan suurin valtio Venäjä
66%
O:lla alkava valtio Oman
60%
Suurin saarivaltio Australia
59%
Valtio jonka lipussa on lohikäärme Bhutan
55%
Valtio jonka lippu näyttää tältä: 🇨🇺 Kuuba
52%
Valtio joka nimestään huolimatta ei sijaitse päiväntasaajalla Päiväntasaajan Guinea
52%
Valtio jonka lippu näyttää tältä: 🇲🇨 Monaco
45%
Erillinen valtio Etelä-Afrikan sisällä Lesotho
41%
Ensimmäinen valtio aakkosten mukaan Afganistan
40%
Valtio jolla on eniten saaria Ruotsi
32%
Ehtoja vastaavia visoja ei löytynyt
Tulosjakauma
Jokaisen tuloksen saaneiden osuus
Persentiili vastausten määrän mukaan
Tuloshistoriasi
Et ole pelannut tätä visaa